Fastos. (Record no. 184380)

MARC details
000 -LEADER
campo de control de longitud fija 01210nam a2200265 i 4500
001 - NÚMERO DE CONTROL
campo de control 184380
003 - IDENTIFICADOR DE NÚMERO DE CONTROL
campo de control ES-MaACL
005 - FECHA Y HORA DE LA ÚLTIMA TRANSACCIÓN
campo de control 20230906222159.0
008 - DATOS DE LONGITUD FIJA--INFORMACIÓN GENERAL
campo de control de longitud fija 150731s1985 mx |||| | lat d
080 ## - NÚMERO DE LA CLASIFICACIÓN DECIMAL UNIVERSAL
Número de la Clasificación Decimal Universal 821.124-14"-00"
100 1# - ENTRADA PRINCIPAL--NOMBRE DE PERSONA
Nombre de persona Ovidio Nasón, Publio.
9 (RLIN) 88013
245 10 - MENCIÓN DEL TÍTULO
Título Fastos.
Nombre de parte o sección de la obra Libros I-III /
Mención de responsabilidad, etc. Publio Ovidio Nasón ; introducción, versión rítmica y notas de José Quiñones Melgonza.
246 31 - FORMA VARIANTE DEL TITULO
Título propio/Titulo breve Publii Ovidii Nasonis fastorum.
Nombre de parte o sección de la obra Libri I-III
250 ## - MENCION DE EDICION
Mención de edición 1ª ed.
260 ## - PUBLICACIÓN, DISTRIBUCIÓN, ETC.
Lugar de publicación, distribución, etc. México, D.F. :
Nombre del editor, distribuidor, etc. Universidad Nacional Autónoma de México,
Fecha de publicación, distribución, etc. 1985.
300 ## - DESCRIPCIÓN FÍSICA
Extensión XCVIII, 86 dupl., p. CI-CCXXXIII ;
Dimensiones 21 cm.
490 1# - MENCIÓN DE SERIE
Mención de serie Bibliotheca scriptorum graecorum et romanorum mexicana
505 8# - NOTA DE CONTENIDO CON FORMATO
Nota de contenido con formato Contiene: Introducción (p. VII-XCVIII) - ;
Título Fastos de Ovidio (p. 86 dupl.) - Notas al texto latino (p. CI-CXXXII) - Notas al texto español (p. CXXXIII-CCXXXI)
546 ## - NOTA DE IDIOMA
Nota de lengua/lenguaje Texto paralelo en latín y español.
700 1# - ENTRADA AGREGADA--NOMBRE PERSONAL
Nombre de persona Quiñones Melgoza, José.
9 (RLIN) 157164
710 2# - ENTRADA AGREGADA--NOMBRE DE ENTIDAD CORPORATIVA
Nombre de entidad corporativa o nombre de jurisdicción como elemento de entrada Universidad Nacional Autónoma de México.
9 (RLIN) 7397
830 0# - PUNTO DE ACCESO ADICIONAL DE SERIE-TÍTULO UNIFORME
Título uniforme Bibliotheca scriptorum graecorum et romanorum mexicana
9 (RLIN) 191887
852 ## - LOCALIZACIÓN
Ubicación ES-MaACL
Número de control de estantería L-30132
Nota libre .- Donat. Miguel A. Velasco
Holdings
Estatus retirado Estado de pérdida Estado de daño No para préstamo Biblioteca de origen Biblioteca actual Ubicación en estantería Fecha de adquisición Fuente de adquisición Total de préstamos Signatura topográfica completa Código de barras Visto por última vez Precio de reemplazo Tipo de ítem Koha
        Biblioteca del Ateneo de Madrid Biblioteca del Ateneo de Madrid Depósito 2 31/07/2015     L-30132 1193984 23/02/2023 23/02/2023 Libro impreso